Iron Man Movies - Statistics

General Stats
  • This quiz has been taken 137 times
  • The average score is 9 of 10
Answer Stats
Year Robert Downey Jr. % Correct
2008 Iron Man
100%
2010 Iron Man 2
99%
2013 Iron Man 3
98%
2019 Avengers: Endgame
92%
2012 The Avengers
92%
2018 Avengers: Infinity War
85%
2015 Avengers: Age of Ultron
81%
2016 Captain America: Civil War
73%
2017 Spider-Man: Homecoming
67%
2008 The Incredible Hulk
65%
No matching quizzes found
Score Distribution
Percent of People with Each Score
Percentile by Number Answered
Your Score History
You have not taken this quiz